Lekár rozpráva deťom /

Hlavní autor: Štefl, Jiří, 1904-1961
Další autoři: Sekora, Ondřej, 1899-1967
Jazyk: Slovenština
Vydáno: Bratislava : Mladé letá, 1960
Vydání: 1. vyd.
Fyzický popis: 146 s. : il.
Knihy
Uloženo v:
LEADER 00804nam a2200229 a 4500
001 000625304
003 CZ BrMZK
005 20140707082310.0
007 ta
008 020925s1960 xo a f slo d
040 |a BOA001  |b cze  |c BOA001 
041 1 |a slo  |h cze 
100 1 |a Štefl, Jiří,  |d 1904-1961  |7 jk01131186  |4 aut 
245 1 0 |a Lekár rozpráva deťom /  |c Jiří Štefl ; z českého originálu ... preložil Ján Medveď ; ilustroval Ondřej Sekora 
250 |a 1. vyd. 
260 |a Bratislava :  |b Mladé letá,  |c 1960 
300 |a 146 s. :  |b il. 
700 1 |a Sekora, Ondřej,  |d 1899-1967  |7 jk01110710  |4 ill 
765 0 |t Lékař hovoří s dětmi  |9 Slovensky 
910 |a BOA001  |b 2-0432.234 
990 |a BK 
996 7 |b 2619242423  |c 2-0432.234  |l MZK  |r Sklad / do 24 hodin  |n 2  |w 000625304  |u 000010  |a 1  |e BOA001  |j MZK50  |s A